| 000 | 00438nam a22001697a 4500 | ||
|---|---|---|---|
| 003 | MPLRDC | ||
| 005 | 20220104151458.0 | ||
| 008 | 210129b ||||| |||| 00| 0 eng d | ||
| 082 | _a415.14 LSZ | ||
| 100 | _a林淑贞译 | ||
| 245 |
_a痔疮的最新治疗法 _c |
||
| 260 |
_a _b大成医学保健丛书出版社 _c |
||
| 300 | _b平 | ||
| 490 | _a大成医学保健丛书. 01 | ||
| 650 | _a症状--痔疮 | ||
| 942 |
_cBK _o415.14 LSZ |
||
| 999 |
_c52393 _d52383 |
||